Tecnologia ridens /

Gorde:
Xehetasun bibliografikoak
Beste egile batzuk: Ravoni, Marcelo
Formatua: Liburua
Hizkuntza:italiera
Argitaratua: Milano : Bompiani, [1969]
Etiketak: Etiketa erantsi
Etiketarik gabe, Izan zaitez lehena erregistro honi etiketa jartzen!

MARC

LEADER 00000nam a22000007ib4500
001 IT\ICCU\PAR\0841695
003 ItRI
005 20260115232425.0
008 050310s1969 it |||||| ||||| |||||c
040 |b ita  |c importazione bologna sebina 
041 7 |a ita  |2 ISO-639-2 
245 0 0 |a Tecnologia ridens /  |c [a cura di Marcelo Ravoni]. 
260 |a Milano :  |b Bompiani,  |c [1969] 
300 |a 212 p. :  |b ill. ;  |c 26 cm 
500 |a In cop.: Almanacco letterario Bompiani 1970. 
500 |a 1970  |9 IT\ICCU\RAV\0010623 
700 1 |a Ravoni, Marcelo  |0 IT\ICCU\CFIV\061174 
773 1 |w IT\ICCU\RAV\0010623  |t Almanacco letterario Bompiani 
790 1 |a Ravoni, Marcello  |3 IT\ICCU\CFIV\061177  |z Ravoni, Marcelo 
942 |2 ddc  |c BK  |n 0 
952 |0 0  |1 0  |4 0  |6 DOC_602_800000000000000_TEC  |7 0  |9 25536  |a BO  |b BO  |d 2026-01-15  |i 16231  |l 0  |o DOC 602.8 TEC  |p BO16231  |r 2026-01-15 23:24:25  |w 2026-01-15  |x [Sebina 7] [1 v.]  |y BK  |z 1 v. 
999 |c 21675  |d 21675